| 000 | 00356nam a22001337a 4500 | ||
|---|---|---|---|
| 005 | 20250220090129.0 | ||
| 008 | 250220b |||||||| |||| 00| 0 eng d | ||
| 050 |
_aHF5667 _bKUM |
||
| 100 | _aKumar, Ravinder | ||
| 245 | _aAuditing principles and practice | ||
| 260 |
_aNew Delhi _bPHI Learning Private Ltd _cc2009 |
||
| 300 | _axvii,641p | ||
| 942 |
_2lcc _cBK _n0 |
||
| 999 |
_c3959 _d3959 |
||